000 00220nam a22000857a 4500
008 160702b xxu||||| |||| 00| 0 eng d
100 _91789
_a Dhawan, M.L
245 _aEducation Status in India
260 _aDelhi
_b Isha
_c2005
999 _c1493
_d1493